| 000 | 00583nam a22002057a 4500 | ||
|---|---|---|---|
| 003 | OSt | ||
| 005 | 20240715133744.0 | ||
| 008 | 240715b |||||||| |||| 00| 0 eng d | ||
| 020 | _a0075604590 | ||
| 040 |
_aDDC _cMUST |
||
| 082 | _a339 McC 1999 | ||
| 100 |
_aCampbell R. McConnell... (et al) _918724 |
||
| 245 |
_aMacroeconomics _bCampbell R. McConnell... (et al) |
||
| 250 | _aEighth Edition | ||
| 260 |
_aNY: _bMcGraw-Hill; _c1999. |
||
| 300 |
_axxvii,580p.: _bill,; _c25cm. |
||
| 504 | _aIncludes Bibliographical Indexes. | ||
| 650 |
_aEconomics _9975 |
||
| 942 |
_2ddc _cO_SHELF |
||
| 999 |
_c9183 _d9183 |
||